| 000 | 00434cam a2200181ua 4500 | ||
|---|---|---|---|
| 020 | _c2 | ||
| 041 |
_ahin _h |
||
| 082 |
_a891.43 _bKAK/HI |
||
| 100 | _aKaka Sahab Kalalkar, . | ||
| 245 |
_aHimalay Ki yathra / _cKaka sahab Kalalkar. _hTextual Documents |
||
| 250 |
_a1 / _b. |
||
| 260 |
_a : _bNavajeevan Prakashan mandir , _c1958. |
||
| 300 | _a219 ; . | ||
| 365 | _a2 | ||
| 504 | _a | ||
| 942 | _cBK | ||
| 999 |
_c3028 _d3028 |
||